[Event "2nd Turkish League 2017"]
[Site "Konya"]
[Date "2017.07.20"]
[Round "5"]
[White "Altunbay, Onder"]
[Black "Acar, Utku Cengiz"]
[Result "0-1"]
[WhiteElo "1830"]
[BlackElo "1863"]
[Annotator "NA"]
[PlyCount "60"]
[EventType "team-tourn"]
[EventCountry "TUR"]
[SourceTitle "playchess.com"]
[Source "ChessBase"]
[SourceQuality "1"]
[TimeControl "5400+30"]

1. e4 {[%emt 0:00:30]} c5 {[%emt 0:01:00]} 2. Nf3 {[%emt 0:00:30]} e6 {[%emt 0:00:30]} 3. c3 {[%emt 0:05:30]} d5 {[%emt 0:03:30]} 4. exd5 {[%emt 0:05:30]} exd5 {[%emt 0:00:30]} 5. Bb5+ {[%emt 0:01:30]} Nc6 {[%emt 0:00:00]} 6. O-O {[%emt 0:00:30]} Bd6 {[%emt 0:00:00]} 7. d4 {[%emt 0:00:30]} Nge7 {[%emt 0:00:30]} 8. dxc5 {[%emt 0:02:30]} Bxc5 {[%emt 0:00:30]} 9. Nbd2 {[%emt 0:04:30]} O-O {[%emt 0:02:30]} 10. Nb3 {[%emt 0:02:30]} Bb6 {[%emt 0:02:30]} 11. Bf4 {[%emt 0:04:30]} Bg4 {[%emt 0:15:30]} 12. Be2 $11 {[%emt 0:08:30] LiveBook: 3 Games} Qd7 {[%emt 0:22:30]} 13. h3 {[%emt 0:13:30]} Be6 {[%emt 0:07:30]} 14. Nbd4 {[%emt 0:11:30]} Rad8 {[%emt 0:05:30]} 15. Qd2 {[%emt 0:06:30]} Nxd4 {[%emt 0:05:30]} 16. Nxd4 {[%emt 0:01:30]} Nc6 {[%emt 0:00:30]} 17. Be3 {[%emt 0:11:31]} Bc7 {[%emt 0:05:30]} 18. Nxc6 {[%emt 0:01:55]} bxc6 {[%emt 0:01:30]} 19. Bc5 {[%emt 0:05:20]} Rfe8 {[%emt 0:01:30]} 20. Rae1 {[%emt 0:03:03]} Bxh3 {[%emt 0:06:52]} 21. Bxa7 {[%emt 0:04:25]} Re6 {[%emt 0:07:46]} 22. f4 {[%emt 0:01:40]} Rg6 {[%emt 0:02:10]} 23. Bf3 {[%emt 0:01:53]} Bxf4 {[%emt 0:00:39]} 24. Qxf4 {[%emt 0:00:30]} Qxa7+ {[%emt 0:00:00]} 25. Qe3 {[%emt 0:00:33]} Qb8 {[%emt 0:01:43]} 26. Bxd5 {[%emt 0:01:05]} cxd5 {[%emt 0:01:22]} 27. Qxh3 {[%emt 0:00:30]} Rh6 {[%emt 0:00:00]} 28. Qe3 {[%emt 0:01:22]} Qh2+ {[%emt 0:00:24]} 29. Kf2 {[%emt 0:00:00]} Rf6+ {[%emt 0:00:22]} 30. Ke2 {[%emt 0:00:12]} Re6 {[%emt 0:00:00]} 0-1

[Event "2nd Turkish League 2017"]
[Site "Konya"]
[Date "2017.07.20"]
[Round "5"]
[White "Guney, Gamze Nur"]
[Black "Sahin, Hatice"]
[Result "1-0"]
[WhiteElo "1776"]
[BlackElo "1560"]
[Annotator "NA"]
[PlyCount "61"]
[EventType "team-tourn"]
[EventCountry "TUR"]
[SourceTitle "playchess.com"]
[Source "ChessBase"]
[SourceQuality "1"]
[TimeControl "5400+30"]

1. d4 {[%emt 0:00:30]} d5 {[%emt 0:01:00]} 2. Nf3 {[%emt 0:00:00]} Nf6 {[%emt 0:00:00]} 3. e3 {[%emt 0:00:00]} e6 {[%emt 0:00:00]} 4. Nbd2 {[%emt 0:01:30]} c6 {[%emt 0:01:30]} 5. Bd3 {[%emt 0:00:30]} Bd6 {[%emt 0:00:30]} 6. b3 {[%emt 0:01:30]} Nbd7 {[%emt 0:01:30]} 7. Bb2 {[%emt 0:00:30]} O-O {[%emt 0:02:30]} 8. Ne5 {[%emt 0:02:30]} Qc7 {[%emt 0:04:30]} 9. f4 {[%emt 0:00:00]} b6 {[%emt 0:01:30]} 10. O-O {[%emt 0:01:00]} Bb7 {[%emt 0:00:30]} 11. Rf3 {[%emt 0:02:30]} c5 {[%emt 0:05:30]} 12. Rh3 {[%emt 0:04:30]} h6 {[%emt 0:04:30]} 13. g4 {[%emt 0:05:30]} Bxe5 {[%emt 0:14:30]} 14. dxe5 {[%emt 0:07:30]} Ne4 {[%emt 0:04:30]} 15. Nf3 {[%emt 0:08:30]} c4 {[%emt 0:13:30]} 16. Bxe4 {[%emt 0:02:30]} dxe4 {[%emt 0:00:30]} 17. Nd4 {[%emt 0:00:30]} cxb3 {[%emt 0:06:30]} 18. axb3 {[%emt 0:00:30]} a6 {[%emt 0:05:30]} 19. Rc1 {[%emt 0:10:30]} Rfe8 {[%emt 0:05:30]} 20. Ba3 {[%emt 0:05:30]} Nc5 {[%emt 0:04:30]} 21. g5 {[%emt 0:08:30]} Qd8 {[%emt 0:09:32]} 22. Qh5 {[%emt 0:00:30]} Kf8 {[%emt 0:04:07]} 23. b4 {[%emt 0:02:30]} Nd7 {[%emt 0:01:14]} 24. gxh6 {[%emt 0:00:30]} g6 {[%emt 0:00:49]} 25. Qg4 {[%emt 0:08:30]} b5 {[%emt 0:02:50]} 26. h7 {[%emt 0:09:42]} Kg7 {[%emt 0:00:55]} 27. Bb2 {[%emt 0:01:36]} Rh8 {[%emt 0:03:07]} 28. f5 {[%emt 0:02:31]} Nxe5 {[%emt 0:01:43]} 29. Nxe6+ {[%emt 0:00:14]} fxe6 {[%emt 0:00:42]} 30. Qxg6+ {[%emt 0:01:35]} Kf8 {[%emt 0:01:24]} 31. Bxe5 {[%emt 0:00:09]} 1-0

[Event "2nd Turkish League 2017"]
[Site "Konya"]
[Date "2017.07.20"]
[Round "5"]
[White "Ilhan, Huseyin"]
[Black "Inci, Okan"]
[Result "1-0"]
[WhiteElo "1750"]
[BlackElo "1607"]
[Annotator "NA"]
[PlyCount "79"]
[EventType "team-tourn"]
[EventCountry "TUR"]
[SourceTitle "playchess.com"]
[Source "ChessBase"]
[SourceQuality "1"]
[TimeControl "5400+30"]

1. Nf3 {[%emt 0:00:30]} d5 {[%emt 0:01:00]} 2. g3 {[%emt 0:00:30]} Nf6 {[%emt 0:04:30]} 3. Bg2 {[%emt 0:00:30]} c6 {[%emt 0:01:30]} 4. O-O {[%emt 0:00:30]} Bg4 {[%emt 0:00:30]} 5. Ne5 {[%emt 0:01:30]} Bh5 {[%emt 0:02:30]} 6. d4 {[%emt 0:01:30]} e6 {[%emt 0:02:30]} 7. c4 {[%emt 0:15:30]} Nbd7 {[%emt 0:07:30]} 8. h3 {[%emt 0:33:30]} Nxe5 {[%emt 0:21:30]} 9. dxe5 {[%emt 0:00:00]} Nd7 {[%emt 0:00:30]} 10. cxd5 {[%emt 0:02:00]} cxd5 {[%emt 0:21:30]} 11. f4 {[%emt 0:03:30]} Bc5+ {[%emt 0:03:30]} 12. Kh2 {[%emt 0:02:30]} Bg6 {[%emt 0:05:30]} 13. Nc3 {[%emt 0:00:00]} O-O {[%emt 0:08:05]} 14. e4 {[%emt 0:08:00]} dxe4 {[%emt 0:04:25]} 15. Nxe4 {[%emt 0:01:30]} Bxe4 {[%emt 0:00:25]} 16. Bxe4 {[%emt 0:00:30]} Qc7 {[%emt 0:00:59]} 17. Qf3 {[%emt 0:01:30]} Rab8 {[%emt 0:01:30]} 18. Bd2 {[%emt 0:04:30]} b5 {[%emt 0:07:11]} 19. b4 {[%emt 0:00:30]} Bb6 {[%emt 0:02:05]} 20. Rac1 {[%emt 0:00:30]} Qd8 {[%emt 0:00:15]} 21. Qd3 {[%emt 0:01:30]} Qe7 {[%emt 0:01:14]} 22. Bxh7+ {[%emt 0:02:37]} Kh8 {[%emt 0:00:09]} 23. Be4 {[%emt 0:00:26]} Rfd8 {[%emt 0:00:23]} 24. Qe2 {[%emt 0:00:17]} g6 {[%emt 0:00:51]} 25. Bc3 {[%emt 0:02:28]} Rdc8 {[%emt 0:01:22]} 26. g4 {[%emt 0:01:09]} Kg8 {[%emt 0:00:30]} 27. Bd3 {[%emt 0:06:09]} a6 {[%emt 0:00:32]} 28. f5 {[%emt 0:00:42]} exf5 {[%emt 0:00:46]} 29. gxf5 {[%emt 0:01:20]} Rxc3 {[%emt 0:00:25]} 30. Rxc3 {[%emt 0:00:42]} Bd4 {[%emt 0:00:13]} 31. Rc2 {[%emt 0:03:00]} Bxe5+ {[%emt 0:00:35]} 32. Kh1 {[%emt 0:01:12]} g5 {[%emt 0:00:54]} 33. Qh5 {[%emt 0:01:04]} f6 {[%emt 0:00:50]} 34. h4 {[%emt 0:00:18]} Bf4 {[%emt 0:01:08]} 35. Rxf4 {[%emt 0:00:19]} gxf4 {[%emt 0:00:00]} 36. Rg2+ {[%emt 0:00:04]} Qg7 {[%emt 0:00:21]} 37. Rxg7+ {[%emt 0:01:02]} Kxg7 {[%emt 0:00:05]} 38. Qg6+ {[%emt 0:00:17]} Kh8 {[%emt 0:00:26]} 39. Bc2 {[%emt 0:00:57]} Rc8 {[%emt 0:00:09]} 40. Bb3 {[%emt 0:00:00]} 1-0

[Event "2nd Turkish League 2017"]
[Site "Konya"]
[Date "2017.07.20"]
[Round "5"]
[White "Celikel, Fatih"]
[Black "Kutlu, Sedat"]
[Result "1-0"]
[WhiteElo "1720"]
[BlackElo "1824"]
[Annotator "NA"]
[PlyCount "112"]
[EventType "team-tourn"]
[EventCountry "TUR"]
[SourceTitle "playchess.com"]
[Source "ChessBase"]
[SourceQuality "1"]
[TimeControl "5400+30"]

1. e4 {[%emt 0:00:30]} e5 {[%emt 0:01:00]} 2. Nf3 {[%emt 0:00:30]} Nf6 {[%emt 0:00:00]} 3. Nxe5 {[%emt 0:00:30]} d6 {[%emt 0:00:00]} 4. Nf3 {[%emt 0:00:30]} Nxe4 {[%emt 0:00:00]} 5. Nc3 {[%emt 0:00:30]} Nf6 {[%emt 0:03:00]} 6. d4 {[%emt 0:00:30]} d5 {[%emt 0:00:30] C42: Petroff Defence: 3 Nxe5 and unusual White 3rd moves} (6... Be7 7. Bd3 O-O 8. O-O Re8 9. h3 Nbd7 10. Ne2 d5 11. Ng3 Bf8 12. Re1 Rxe1+ 13. Qxe1 c5 14. c3 cxd4 15. cxd4 Nb6 {0-1 (52) Wei,Y (2709)-Bu,X (2715) Shenzhen 2016}) 7. Bf4 {[%emt 0:07:30]} c6 {[%emt 0:07:30]} 8. Bd3 {[%emt 0:03:30]} Be7 {[%emt 0:02:30]} 9. h3 {[%emt 0:03:30]} Nbd7 {[%emt 0:01:30]} 10. O-O {[%emt 0:05:30]} O-O {[%emt 0:00:30]} 11. Re1 {[%emt 0:02:30]} Re8 {[%emt 0:00:30]} 12. a3 {[%emt 0:03:30]} Nf8 {[%emt 0:00:30]} 13. Ne5 $146 {[%emt 0:00:30]} ({Predecessor:} 13. Ne2 Ne6 14. Bh2 {0-1 (71) Santarius,E (2319)-Ilincic,Z (2434) Kecskemet 2014}) 13... Ne6 {[%emt 0:04:30]} 14. Bh2 {[%emt 0:03:30]} Nxd4 {[%emt 0:03:30]} 15. Bxh7+ {[%emt 0:00:30]} Nxh7 {[%emt 0:00:30]} 16. Qxd4 {[%emt 0:02:30]} Be6 {[%emt 0:02:30]} 17. Rad1 {[%emt 0:06:30]} Qa5 {[%emt 0:06:30]} 18. Qd3 {[%emt 0:07:30]} Rad8 {[%emt 0:04:30]} 19. Ne2 {[%emt 0:03:30]} Qb6 {[%emt 0:02:30]} 20. Nf4 {[%emt 0:05:30]} Bc5 {[%emt 0:09:30]} 21. Qg3 {[%emt 0:04:30]} Nf6 {[%emt 0:00:30]} 22. Qh4 {[%emt 0:04:30]} Ne4 {[%emt 0:02:30]} 23. Nfd3 {[%emt 0:01:30]} g5 {[%emt 0:06:30]} 24. Qh6 {[%emt 0:03:30]} Bxf2+ {[%emt 0:00:30]} 25. Kh1 {[%emt 0:00:30]} Bxe1 {[%emt 0:01:30]} 26. Ng6 {[%emt 0:01:30]} fxg6 {[%emt 0:02:30]} 27. Qxg6+ {[%emt 0:03:30]} Kf8 {[%emt 0:00:30]} 28. Qh6+ $19 {[%emt 0:00:30]} Ke7 {[%emt 0:04:30]} 29. Qg7+ {[%emt 0:03:30]} Bf7 {[%emt 0:01:30]} 30. Rxe1 {[%emt 0:02:30]} Rg8 {[%emt 0:04:30]} 31. Qe5+ {[%emt 0:00:46]} Be6 {[%emt 0:04:30]} 32. Bg1 {[%emt 0:00:33]} c5 {[%emt 0:07:50]} 33. Rxe4 {[%emt 0:00:41]} dxe4 {[%emt 0:00:11]} 34. Bxc5+ {[%emt 0:00:00]} Rd6 {[%emt 0:02:56]} 35. Bxb6 {[%emt 0:00:30]} Rxb6 {[%emt 0:03:39]} 36. Qxe4 {[%emt 0:00:30]} g4 {[%emt 0:00:55]} 37. Nf4 {[%emt 0:02:00]} g3 {[%emt 0:02:29]} 38. Nd5+ {[%emt 0:01:07]} Kd6 {[%emt 0:02:22]} 39. Nxb6 {[%emt 0:00:30]} axb6 {[%emt 0:00:00]} 40. Qf4+ {[%emt 0:00:25]} Kc6 {[%emt 0:01:50]} 41. c4 {[%emt 0:00:18]} Kd7 {[%emt 0:01:59]} 42. b4 {[%emt 0:00:31]} Kc6 {[%emt 0:00:52]} 43. b5+ {[%emt 0:00:56]} Kd7 {[%emt 0:00:41]} 44. Qd4+ {[%emt 0:00:09]} Kc7 {[%emt 0:00:37]} 45. c5 {[%emt 0:01:48]} bxc5 {[%emt 0:00:53]} 46. Qxc5+ {[%emt 0:00:03]} Kd7 {[%emt 0:00:14]} 47. Qd4+ {[%emt 0:00:19]} Ke7 {[%emt 0:03:46]} 48. a4 {[%emt 0:00:21]} Bc8 {[%emt 0:01:42]} 49. Qc5+ {[%emt 0:00:31]} Kf6 {[%emt 0:00:20]} 50. a5 {[%emt 0:01:08]} Bf5 {[%emt 0:00:40]} 51. Qb6+ {[%emt 0:00:28]} Kg5 {[%emt 0:00:24]} 52. Qe3+ {[%emt 0:01:06]} Kf6 {[%emt 0:00:30]} 53. a6 {[%emt 0:00:40]} bxa6 {[%emt 0:00:11]} 54. bxa6 {[%emt 0:00:00]} Be6 {[%emt 0:00:53]} 55. Qd4+ {[%emt 0:00:10]} Ke7 {[%emt 0:00:33]} 56. a7 {[%emt 0:00:13]} Rd8 {[%emt 0:01:03]} 1-0

[Event "2nd Turkish League 2017"]
[Site "Konya"]
[Date "2017.07.20"]
[Round "5"]
[White "Yakar, Ozan Tuna"]
[Black "Ceylan, Sezer"]
[Result "1/2-1/2"]
[WhiteElo "1718"]
[BlackElo "1714"]
[Annotator "NA"]
[PlyCount "131"]
[EventType "team-tourn"]
[EventCountry "TUR"]
[SourceTitle "playchess.com"]
[Source "ChessBase"]
[SourceQuality "1"]
[TimeControl "5400+30"]

1. d4 {[%emt 0:00:30]} d5 {[%emt 0:01:00]} 2. Nf3 {[%emt 0:06:30]} Nf6 {[%emt 0:00:00]} 3. c4 {[%emt 0:00:30]} c6 {[%emt 0:00:00]} 4. Nc3 {[%emt 0:02:30]} e6 {[%emt 0:00:30]} 5. e3 {[%emt 0:00:30]} Nbd7 {[%emt 0:00:00]} 6. Bd3 {[%emt 0:01:30]} dxc4 {[%emt 0:00:00]} 7. Bxc4 {[%emt 0:00:30]} b5 {[%emt 0:00:00]} 8. Bd3 {[%emt 0:00:30]} a6 {[%emt 0:00:00]} 9. O-O {[%emt 0:00:00]} Bb7 {[%emt 0:00:30]} 10. e4 {[%emt 0:05:00]} c5 {[%emt 0:00:30]} 11. d5 {[%emt 0:05:30]} e5 {[%emt 0:05:30]} 12. Qe2 {[%emt 0:17:30]} c4 {[%emt 0:00:30]} 13. Bc2 {[%emt 0:00:30]} Bc5 {[%emt 0:00:00]} 14. Be3 {[%emt 0:06:30]} Bxe3 {[%emt 0:00:00]} 15. Qxe3 {[%emt 0:00:00]} O-O {[%emt 0:00:30]} 16. a3 {[%emt 0:05:00]} Ng4 {[%emt 0:10:30]} 17. Qg5 {[%emt 0:05:30]} Qxg5 {[%emt 0:01:30]} 18. Nxg5 {[%emt 0:00:30]} Nc5 {[%emt 0:00:30]} 19. Rad1 {[%emt 0:03:30]} Nf6 {[%emt 0:05:30]} 20. h3 {[%emt 0:11:30]} h6 {[%emt 0:01:30]} 21. Nf3 {[%emt 0:00:30]} Nfd7 {[%emt 0:00:00]} 22. Rfe1 {[%emt 0:02:30]} Rab8 {[%emt 0:01:00]} 23. Nh4 {[%emt 0:01:30]} g6 {[%emt 0:02:30]} 24. f4 {[%emt 0:06:14]} Rfe8 {[%emt 0:00:30]} 25. Nf3 {[%emt 0:06:09]} f6 {[%emt 0:01:30]} 26. fxe5 {[%emt 0:00:37]} fxe5 {[%emt 0:00:30]} 27. Nd2 {[%emt 0:03:46]} Rec8 {[%emt 0:01:30]} 28. Re3 {[%emt 0:00:44]} Ba8 {[%emt 0:02:30]} 29. b4 {[%emt 0:00:48]} cxb3 {[%emt 0:00:00]} 30. Nxb3 {[%emt 0:00:24]} Na4 {[%emt 0:00:00]} 31. Nxa4 {[%emt 0:01:31]} Rxc2 {[%emt 0:02:30]} 32. Nc3 {[%emt 0:00:30]} Rc8 {[%emt 0:00:30]} 33. Ne2 {[%emt 0:02:34]} Ra2 {[%emt 0:00:30]} 34. Rc1 {[%emt 0:02:04]} Nb6 {[%emt 0:04:30]} 35. Rxc8+ {[%emt 0:00:45]} Nxc8 {[%emt 0:00:00]} 36. Nbc1 {[%emt 0:01:40]} Rc2 {[%emt 0:00:00]} 37. Rc3 {[%emt 0:00:16]} Rxc3 {[%emt 0:00:30]} 38. Nxc3 {[%emt 0:00:30]} Nd6 {[%emt 0:00:00]} 39. Nd3 {[%emt 0:00:00]} Nc4 {[%emt 0:01:00]} 40. a4 {[%emt 0:00:00]} bxa4 {[%emt 0:01:30]} 41. Nxa4 {[%emt 0:00:00]} Kf7 {[%emt 0:00:30]} 42. Nac5 {[%emt 0:00:23]} a5 {[%emt 0:00:30]} 43. Kf2 {[%emt 0:00:30]} Ke7 {[%emt 0:00:30]} 44. Ke2 {[%emt 0:00:30]} Kd6 {[%emt 0:00:30]} 45. g3 {[%emt 0:00:30]} g5 {[%emt 0:00:30]} 46. g4 {[%emt 0:00:30]} Nb6 {[%emt 0:00:30]} 47. Kd2 {[%emt 0:00:30]} Nxd5 {[%emt 0:00:30]} 48. exd5 {[%emt 0:00:30]} Bxd5 {[%emt 0:00:30]} 49. Na4 {[%emt 0:00:30]} Bg2 {[%emt 0:00:30]} 50. Nf2 {[%emt 0:00:30]} Kc6 {[%emt 0:00:30]} 51. Nd3 {[%emt 0:00:30]} Bxh3 {[%emt 0:00:30]} 52. Nxe5+ {[%emt 0:00:30]} Kd5 {[%emt 0:00:30]} 53. Nf7 {[%emt 0:00:30]} Bxg4 {[%emt 0:00:30]} 54. Nxh6 {[%emt 0:00:30]} Be6 {[%emt 0:00:30]} 55. Kd3 {[%emt 0:02:38]} g4 {[%emt 0:04:30]} 56. Nxg4 {[%emt 0:00:11]} Bxg4 {[%emt 0:00:30]} 57. Kc3 {[%emt 0:00:31]} Kc6 {[%emt 0:00:30]} 58. Kb3 {[%emt 0:00:00]} Be6+ {[%emt 0:00:30]} 59. Ka3 {[%emt 0:00:00]} Kb5 {[%emt 0:00:30]} 60. Nc3+ {[%emt 0:00:09]} Kc4 {[%emt 0:00:30]} 61. Na4 {[%emt 0:00:30]} Bf7 {[%emt 0:00:00]} 62. Nb6+ {[%emt 0:00:00]} Kb5 {[%emt 0:00:00]} 63. Na4 {[%emt 0:00:00]} Be8 {[%emt 0:00:30]} 64. Nc3+ {[%emt 0:00:00]} Kc4 {[%emt 0:00:00]} 65. Na4 {[%emt 0:00:00]} Bxa4 {[%emt 0:00:00]} 66. Kxa4 {[%emt 0:00:00]} 1/2-1/2

[Event "2nd Turkish League 2017"]
[Site "Konya"]
[Date "2017.07.20"]
[Round "5"]
[White "Catal, Uktenur"]
[Black "Ilkbahar, Nimet Seray"]
[Result "1/2-1/2"]
[WhiteElo "1613"]
[BlackElo "1618"]
[Annotator "NA"]
[PlyCount "79"]
[EventType "team-tourn"]
[EventCountry "TUR"]
[SourceTitle "playchess.com"]
[Source "ChessBase"]
[SourceQuality "1"]
[TimeControl "5400+30"]

1. d4 {[%emt 0:00:30]} d5 {[%emt 0:01:00]} 2. c4 {[%emt 0:00:00]} e6 {[%emt 0:00:30]} 3. Nc3 {[%emt 0:00:00]} c6 {[%emt 0:00:00]} 4. e3 {[%emt 0:01:30]} Nf6 {[%emt 0:00:00]} 5. Nf3 {[%emt 0:00:00]} Nbd7 {[%emt 0:01:30]} 6. Bd3 {[%emt 0:00:00]} Be7 {[%emt 0:00:30]} 7. O-O {[%emt 0:00:30]} O-O {[%emt 0:00:30]} 8. b3 {[%emt 0:00:30]} b6 {[%emt 0:00:30]} 9. Bb2 {[%emt 0:00:30]} Bb7 {[%emt 0:00:00]} 10. e4 {[%emt 0:03:30]} dxe4 {[%emt 0:01:00]} 11. Nxe4 {[%emt 0:00:30]} c5 {[%emt 0:03:30]} 12. Qe2 {[%emt 0:08:30]} Qc7 {[%emt 0:06:30]} 13. Rad1 {[%emt 0:03:30]} Rad8 {[%emt 0:03:30]} 14. Rfe1 {[%emt 0:01:30]} Rfe8 {[%emt 0:07:30]} 15. a3 {[%emt 0:00:30]} Qc8 {[%emt 0:10:30]} 16. dxc5 {[%emt 0:14:30]} Bxe4 {[%emt 0:10:30]} 17. Bxe4 {[%emt 0:00:30]} Nxe4 {[%emt 0:00:30]} 18. Qxe4 {[%emt 0:00:30]} Nxc5 {[%emt 0:00:30]} 19. Qc2 {[%emt 0:00:00]} Rxd1 {[%emt 0:01:30]} 20. Rxd1 {[%emt 0:00:00]} Rd8 {[%emt 0:00:30]} 21. b4 {[%emt 0:18:30]} Rxd1+ {[%emt 0:03:30]} 22. Qxd1 {[%emt 0:00:30]} Nb7 {[%emt 0:01:30]} 23. Qd3 {[%emt 0:00:30]} Nd6 {[%emt 0:06:30]} 24. Nd2 {[%emt 0:00:30]} h6 {[%emt 0:02:30]} 25. Be5 {[%emt 0:01:30]} Qc6 {[%emt 0:04:30]} 26. Bxd6 {[%emt 0:00:30]} Qxd6 {[%emt 0:00:30]} 27. Qxd6 {[%emt 0:02:30]} Bxd6 {[%emt 0:00:00]} 28. Nb3 {[%emt 0:01:30]} Kf8 {[%emt 0:03:00]} 29. h3 {[%emt 0:00:30]} Ke7 {[%emt 0:04:30]} 30. Kf1 {[%emt 0:00:30]} a5 {[%emt 0:04:30]} 31. Nd4 {[%emt 0:28:03]} Kd7 {[%emt 0:01:30]} 32. Nc2 {[%emt 0:01:07]} axb4 {[%emt 0:03:30]} 33. axb4 {[%emt 0:00:06]} Be7 {[%emt 0:00:30]} 34. Ke2 {[%emt 0:00:22]} Kd6 {[%emt 0:00:39]} 35. Kd3 {[%emt 0:00:23]} Ke5 {[%emt 0:00:42]} 36. Nd4 {[%emt 0:00:43]} Kd6 {[%emt 0:02:04]} 37. Nb5+ {[%emt 0:03:15]} Kc6 {[%emt 0:00:37]} 38. Nd4+ {[%emt 0:00:07]} Kd6 {[%emt 0:00:27]} 39. Nb5+ {[%emt 0:01:17]} Kc6 {[%emt 0:00:19]} 40. Nd4+ {[%emt 0:01:19]} 1/2-1/2

[Event "2nd Turkish League 2017"]
[Site "Konya"]
[Date "2017.07.20"]
[Round "5"]
[White "Turkkan, Ece"]
[Black "Simsek, Meltem"]
[Result "0-1"]
[WhiteElo "1532"]
[BlackElo "1752"]
[Annotator "NA RC"]
[PlyCount "160"]
[EventType "team-tourn"]
[EventCountry "TUR"]
[SourceTitle "playchess.com"]
[Source "ChessBase"]
[SourceQuality "1"]
[TimeControl "5400+30"]

1. d4 {[%emt 0:00:30]} Nf6 {[%emt 0:01:00]} 2. Nf3 {[%emt 0:00:30]} c5 {[%emt 0:00:00]} 3. e3 {[%emt 0:00:00]} e6 {[%emt 0:02:00]} 4. Bd3 {[%emt 0:00:00]} b6 {[%emt 0:00:30]} 5. O-O {[%emt 0:00:00]} Bb7 {[%emt 0:00:00]} 6. Nbd2 {[%emt 0:00:00]} Be7 {[%emt 0:01:00]} 7. b3 {[%emt 0:00:30]} d6 {[%emt 0:00:30]} 8. Bb2 {[%emt 0:00:30]} Nbd7 {[%emt 0:00:30]} 9. c4 {[%emt 0:16:30]} O-O {[%emt 0:01:30]} 10. Rc1 {[%emt 0:01:30]} Rc8 {[%emt 0:00:30]} 11. Qc2 {[%emt 0:03:30]} Qc7 {[%emt 0:01:30]} 12. Rfe1 {[%emt 0:04:30]} Rfd8 {[%emt 0:03:30]} 13. h3 {[%emt 0:05:30]} Qb8 {[%emt 0:01:30]} 14. Qb1 {[%emt 0:00:30]} Qa8 {[%emt 0:00:30]} 15. Red1 {[%emt 0:07:30]} h6 {[%emt 0:21:30]} 16. Re1 {[%emt 0:18:30]} d5 {[%emt 0:15:30]} 17. Bf1 {[%emt 0:12:30]} dxc4 {[%emt 0:04:30]} 18. bxc4 {[%emt 0:02:30]} Ne4 {[%emt 0:00:30]} 19. Red1 {[%emt 0:06:54]} cxd4 {[%emt 0:04:30]} 20. exd4 {[%emt 0:00:31]} Ndf6 {[%emt 0:05:30]} 21. Ne5 {[%emt 0:07:02]} Nxd2 {[%emt 0:04:30]} 22. Rxd2 {[%emt 0:00:02]} Ne4 {[%emt 0:01:30]} 23. Rdc2 {[%emt 0:09:47]} Bf6 {[%emt 0:01:30]} 24. f3 {[%emt 0:02:03]} Ng3 {[%emt 0:01:30]} 25. Re1 {[%emt 0:00:20]} Nxf1 {[%emt 0:01:30]} 26. Rxf1 {[%emt 0:00:21]} Ba6 {[%emt 0:00:30]} 27. Rfc1 {[%emt 0:01:00]} Bg5 {[%emt 0:00:30]} 28. Re1 {[%emt 0:00:28]} Bf4 {[%emt 0:00:30]} 29. Nd3 {[%emt 0:00:26]} Bg3 {[%emt 0:00:30]} 30. Rec1 {[%emt 0:00:30]} Qb8 {[%emt 0:00:30]} 31. Nb4 {[%emt 0:00:22]} Bb7 {[%emt 0:00:30]} 32. Re2 {[%emt 0:00:32]} a5 {[%emt 0:00:30]} 33. Nd3 {[%emt 0:00:31]} Ba6 {[%emt 0:00:30]} 34. Rec2 {[%emt 0:00:07]} Rd7 {[%emt 0:01:30]} 35. a3 {[%emt 0:00:55]} Bh4 {[%emt 0:02:30]} 36. Qa2 {[%emt 0:00:17]} a4 {[%emt 0:08:51]} 37. Nb4 {[%emt 0:00:30]} Bb7 {[%emt 0:01:04]} 38. c5 {[%emt 0:00:31]} bxc5 {[%emt 0:01:09]} 39. dxc5 {[%emt 0:00:30]} Bd5 {[%emt 0:02:32]} 40. Nxd5 {[%emt 0:00:40]} Rxd5 {[%emt 0:00:02]} 41. Qa1 {[%emt 0:00:30]} Qg3 {[%emt 0:00:43]} 42. Bd4 {[%emt 0:00:29]} Qf4 {[%emt 0:01:54]} 43. Bf2 {[%emt 0:00:39]} Bxf2+ {[%emt 0:02:07]} 44. Kxf2 {[%emt 0:00:02]} Rcxc5 {[%emt 0:03:05]} 45. Qb2 {[%emt 0:00:57]} Rxc2+ {[%emt 0:01:45]} 46. Rxc2 {[%emt 0:00:07]} Qd4+ {[%emt 0:02:51]} 47. Qxd4 {[%emt 0:00:30]} Rxd4 {[%emt 0:00:00]} 48. Rc8+ {[%emt 0:00:36]} Kh7 {[%emt 0:00:30]} 49. Ra8 {[%emt 0:00:00]} Rc4 {[%emt 0:00:14]} 50. Ra7 {[%emt 0:00:22]} Kg6 {[%emt 0:00:00]} 51. g4 {[%emt 0:01:08]} Kf6 {[%emt 0:02:10]} 52. Kg3 {[%emt 0:00:41]} Rd4 {[%emt 0:01:24]} 53. Ra5 {[%emt 0:00:23]} Rc4 {[%emt 0:00:30]} 54. Kf2 {[%emt 0:00:40]} g5 {[%emt 0:00:21]} 55. Kg3 {[%emt 0:00:55]} Rf4 {[%emt 0:00:46]} 56. Rb5 {[%emt 0:00:05]} Rc4 {[%emt 0:00:57]} 57. Ra5 {[%emt 0:00:03]} Kg6 {[%emt 0:00:25]} 58. Ra6 {[%emt 0:00:39]} h5 {[%emt 0:00:24]} 59. Ra7 {[%emt 0:00:50]} h4+ {[%emt 0:00:13]} 60. Kg2 {[%emt 0:00:19]} Kf6 {[%emt 0:00:37]} 61. Ra5 {[%emt 0:00:05]} Rd4 {[%emt 0:00:32]} 62. Kf2 {[%emt 0:00:59]} Rc4 {[%emt 0:00:40]} 63. Kg2 {[%emt 0:00:32]} Rf4 {[%emt 0:00:42]} 64. Kf2 {[%emt 0:00:06]} Rc4 {[%emt 0:00:08]} 65. Kg2 {[%emt 0:00:08]} Rc2+ {[%emt 0:00:05]} 66. Kg1 {[%emt 0:00:11]} Rc3 {[%emt 0:00:36]} 67. Rxa4 {[%emt 0:00:53]} Rxf3 {[%emt 0:00:03]} 68. Kg2 {[%emt 0:00:00]} Rg3+ {[%emt 0:00:55]} 69. Kh2 {[%emt 0:00:00]} Ke5 {[%emt 0:00:49]} 70. Ra5+ {[%emt 0:00:35]} Kf4 {[%emt 0:00:23]} 71. a4 {[%emt 0:00:21]} Ra3 {[%emt 0:00:24]} 72. Kg2 {[%emt 0:01:36]} Ra2+ {[%emt 0:00:06]} 73. Kg1 {[%emt 0:01:05]} Kg3 {[%emt 0:01:12]} 74. Kf1 {[%emt 0:00:30]} f6 {[%emt 0:00:00]} 75. Ra6 {[%emt 0:00:00]} Kxh3 {[%emt 0:00:00]} 76. Rxe6 {[%emt 0:00:00]} Rxa4 {[%emt 0:00:12]} 77. Rxf6 {[%emt 0:00:38]} Kxg4 {[%emt 0:00:06]} 78. Kg2 {[%emt 0:01:45]} Ra2+ {[%emt 0:00:03]} 79. Kf1 {[%emt 0:00:00]} h3 {[%emt 0:00:11]} 80. Rh6 {[%emt 0:00:18]} Kg3 {[%emt 0:00:08]} 0-1